Literowanie słowa Konstantynopolitańczykowianeczka w 25 Sekund - Statystyki

Ogólne statystyki
  • Ten quiz został rozwiązany 522 razy
  • Średni wynik to 29 z 32
Statystyki odpowiedzi
Odpowiedź % Poprawnych
K
99%
K
99%
K
99%
N
99%
N
99%
N
99%
Ń
99%
N
99%
O
99%
O
99%
O
99%
O
99%
S
99%
A
98%
A
98%
A
98%
A
98%
T
98%
T
98%
T
98%
Y
88%
Y
88%
P
86%
I
84%
I
84%
L
82%
C
81%
C
81%
Z
80%
Z
80%
W
67%
E
57%
Nie znaleziono quizów pasujących do podanych kryteriów
Rozkład punktacji
Procent ludzi z każdym wynikiem
Percentyl według liczby udzielonych odpowiedzi
Twoja historia wyników
Nie rozwiązałeś tego quizu